000 00536nam a22001697a 4500
999 _c21377
_d21377
003 BDDh-ASL
005 20231015030006.0
008 210130s2003 ii ||||| |||| 00| 0 eng d
040 _cBDDh-ASL
082 _a327.5492
_bBHI
100 1 _92968
_aBhasin, Avtar Singh
245 1 0 _aIndia-Bangladesh Relations, Documents-1971-2002, Volume-04 /
260 _aNew Delhi:
_bGeetika Publishers,
_c2003.
300 _a1889-2381, p.:
_c25 cm.
650 0 _92969
_aIndia-Bangladesh Relation
_xRelationship
_zIndia
_zBangladesh
942 _2ddc
_cBK